Matched / (Record no. 2407)

MARC details
000 -LEADER
fixed length control field 00589nam a22002177a 4500
005 - DATE AND TIME OF LATEST TRANSACTION
control field 20250326095044.0
008 - FIXED-LENGTH DATA ELEMENTS--GENERAL INFORMATION
fixed length control field 250326b |||||||| |||| 00| 0 eng d
020 ## - INTERNATIONAL STANDARD BOOK NUMBER
International Standard Book Number 978-0-14-241977-9
082 ## - DEWEY DECIMAL CLASSIFICATION NUMBER
Classification number Fic. C745 2011
100 ## - MAIN ENTRY--PERSONAL NAME
Personal name Condie, Ally
245 ## - TITLE STATEMENT
Title Matched /
Statement of responsibility, etc. Ally Condie
260 ## - PUBLICATION, DISTRIBUTION, ETC.
Place of publication, distribution, etc. New York:
Name of publisher, distributor, etc. Speak,
Date of publication, distribution, etc. c2011
300 ## - PHYSICAL DESCRIPTION
Extent [385]p.
541 ## - IMMEDIATE SOURCE OF ACQUISITION NOTE
Accession number 7769
650 ## - SUBJECT ADDED ENTRY--TOPICAL TERM
Topical term or geographic name entry element Adventure and adventures
650 ## - SUBJECT ADDED ENTRY--TOPICAL TERM
Topical term or geographic name entry element Dystopias - Juvenile fiction
650 ## - SUBJECT ADDED ENTRY--TOPICAL TERM
Topical term or geographic name entry element Dystopian fiction
650 ## - SUBJECT ADDED ENTRY--TOPICAL TERM
Topical term or geographic name entry element Fantasy fiction
650 ## - SUBJECT ADDED ENTRY--TOPICAL TERM
Topical term or geographic name entry element Mate selection - Juvenile fiction
650 ## - SUBJECT ADDED ENTRY--TOPICAL TERM
Topical term or geographic name entry element Romance fiction
Holdings
Withdrawn status Lost status Source of classification or shelving scheme Damaged status Not for loan Home library Current library Date acquired Total Checkouts Full call number Barcode Date last seen Copy number Price effective from Koha item type
    Dewey Decimal Classification     ctu-moalboal ctu-moalboal 02/29/2024   Fic. C745 2011 7769 03/26/2025 1 03/26/2025 Books-Fiction